[Event "45th Olympiad Budapest 2024"]
[Site "Budapest"]
[Date "2024.09.19"]
[Round "8"]
[Board "3"]
[White "Wong, Zhenyong Jayden"]
[Black "Papaioannou, Ioannis"]
[Result "0-1"]
[WhiteElo "2397"]
[BlackElo "2615"]
[PlyCount "144"]
[EventDate "2024.09.11"]
[EventType "team-tourn"]
[EventRounds "11"]
[EventCountry "HUN"]
[WhiteTeam "Singapore"]
[BlackTeam "Greece"]
[WhiteTeamCountry "SIN"]
[BlackTeamCountry "GRE"]

1. d4 Nf6 2. c4 e6 3. Nf3 Bb4+ 4. Nbd2 d5 5. Qa4+ Nc6 6. a3 Be7 7. e3 a5 8. Ne5 $146 ({RR} 8. b4 dxc4 9. Bxc4 O-O 10. b5 Na7 11. Qb3 c6 12. b6 a4 13. Qxa4 Qxb6 14. O-O c5 15. dxc5 Qxc5 16. Qb3 Nc6 17. Bb2 Na5 18. Qa2 Nxc4 19. Qxc4 Bd7 20. Rfc1 Rfc8 21. Qxc5 Rxc5 22. Rc2 Rc4 {0-1 Bagaturov,G (2390)-Paichadze,L (2504) 17th Poti Open 2024 (5.3)}) ({RR} 8. b4 dxc4 9. Nxc4 b5 10. Qxb5 Bd7 11. Qg5 axb4 12. Qxg7 Rg8 13. Qh6 bxa3 14. Be2 Rxg2 15. Nfe5 Nxe5 16. Nxe5 Rg8 17. Bf3 Qb8 18. e4 Qb3 19. Qe3 Bb4+ 20. Bd2 Qb2 21. Nxd7 Nxd7 22. Bxb4 Qxa1+ {0-1 So,W (2760)-Mamedyarov,S (2741) Tata Steel India Rapid 2022 (3.5)}) ({RR} 8. b4 O-O 9. c5 Nb8 10. Bd3 c6 11. Bb2 b6 12. Ne5 Nfd7 13. Nxd7 Nxd7 14. O-O Qc7 15. Qc2 g6 16. e4 Ba6 17. e5 Bxd3 18. Qxd3 Qb7 {½-½ Jakovenko,D (2711)-Nisipeanu,L (2684) Foros Aerosvit 3rd 2008 (11)}) ({RR} 8. Bd3 O-O 9. O-O Bd7 10. Qc2 a4 11. e4 g6 12. Re1 Na5 13. exd5 exd5 14. c5 Nh5 15. Qc3 b6 16. cxb6 cxb6 17. b4 Rc8 18. Qb2 Nc4 19. Nxc4 dxc4 20. Bc2 Re8 21. Qc3 b5 22. Ne5 Bf6 {0-1 Gurevich,M (2540)-Salov,V (2550) URS-ch54 Minsk 1987}) 8... Bd7 9. Nxd7 Qxd7 10. b4 dxc4 11. Nxc4 b5 12. Qxb5 axb4 13. Ne5 Nxe5 14. dxe5 Nd5 15. a4 c6 16. Qd3 b3 17. Bd2 b2 18. Rb1 Rxa4 19. Qc2 Ra3 20. Qxb2 O-O 21. Bc4 Ra4 22. Qc2 Rfa8 23. O-O Nb4 24. Qd1 c5 25. Qe2 Qc7 26. f4 Rd8 27. Rfc1 Qb7 28. Be1 Ra3 29. Rd1 Rxd1 30. Rxd1 Qe4 31. Bf2 Rc3 32. Bb5 c4 33. Qf3 Qxf3 34. gxf3 Nd5 35. f5 Nxe3 36. Bxe3 Rxe3 37. fxe6 c3 38. Kf2 Rxe5 39. exf7+ Kxf7 40. Bd3 Rh5 41. Rc1 Bf6 42. Kg3 Rg5+ 43. Kf4 h6 44. Rc2 Ke7 45. Ke3 Kd6 46. f4 Rh5 47. Ke4 Kc5 48. Rg2 Kb4 49. Rf2 Ra5 50. Bc2 Ra2 51. Kd3 Ra7 52. Ke4 Re7+ 53. Kd3 Rd7+ 54. Ke4 Kc4 55. Rg2 Re7+ 56. Kf3 Re1 57. Re2 Rf1+ 58. Rf2 Rc1 59. Ke4 h5 60. Re2 h4 61. Rf2 Re1+ 62. Kf3 Kd4 63. Re2 Rf1+ 64. Rf2 Rc1 65. Bf5 Bd8 66. Rg2 Rf1+ 67. Rf2 Rxf2+ 68. Kxf2 h3 69. Ke2 Bc7 70. Kf3 Kc4 71. Kg4 Kb3 72. Kxh3 Bxf4 0-1

[Event "45th Olympiad Budapest 2024"]
[Site "Budapest"]
[Date "2024.09.19"]
[Round "8"]
[Board "4"]
[White "Kelires, Andreas"]
[Black "Goh, Wei Ming Kevin"]
[Result "1-0"]
[WhiteElo "2536"]
[BlackElo "2449"]
[PlyCount "105"]
[EventDate "2024.09.11"]
[EventType "team-tourn"]
[EventRounds "11"]
[EventCountry "HUN"]
[WhiteTeam "Greece"]
[BlackTeam "Singapore"]
[WhiteTeamCountry "GRE"]
[BlackTeamCountry "SIN"]

1. e4 c5 2. Nf3 d6 3. d4 cxd4 4. Nxd4 Nf6 5. Nc3 g6 6. Be3 Nc6 7. f3 h5 8. Bc4 Bd7 9. h3 ({RR} 9. Bb3 Bg7 10. Qd2 Na5 11. O-O Rc8 12. Rfe1 O-O 13. Rad1 Nc4 14. Bxc4 Rxc4 15. Nb3 a5 16. Qf2 a4 17. Nd2 Rc6 18. a3 Qa5 19. Ndb1 Rfc8 20. Re2 Be6 21. Bd4 Rc4 22. Red2 b5 23. Ne2 Rxc2 {1-0 Wang Hao (2722)-Rapport,R (2740) 8th Gashimov Mem Blitz 2022 (6.5)}) 9... a6 $146 ({RR} 9... h4 10. Qd2 Bg7 11. O-O-O Nxd4 12. Bxd4 Bh6 13. Be3 Bxe3 14. Qxe3 Qa5 15. Nd5 Nxd5 16. exd5 Kf8 17. Rhe1 Re8 18. Qd4 Rh5 19. Re4 g5 20. Rde1 Qc5 21. Qxc5 dxc5 22. Be2 Rh6 23. f4 gxf4 24. Rxf4 {0-1 Barcelo Sola,D (1980)-Pham Guerrero,S (2066) 33rd Pobla De Lillet Open 2024 (5.20)}) 10. Nxc6 Bxc6 11. Qd2 Bg7 12. O-O-O b5 13. Bd5 Qc7 14. Kb1 Rc8 15. Bxc6+ Qxc6 16. Nd5 Nxd5 17. exd5 Qc4 18. Rhe1 Bf6 19. Bb6 Qh4 20. Re4 Qg5 21. Be3 Qf5 22. Rf4 Qd7 23. Bd4 Bxd4 24. Rxd4 h4 25. Qe1 Qf5 26. Re4 Kf8 27. Rd3 Qg5 28. Rg4 Qf6 29. Rdd4 Rc5 30. b4 Rc4 31. Rxc4 bxc4 32. Rxc4 Rh5 33. Qc3 Qxc3 34. Rxc3 Rxd5 35. Rc8+ Kg7 36. Rc6 Rb5 37. c3 a5 38. a4 Rb7 39. b5 Kf6 40. Ra6 Ke5 41. Rxa5 Kf4 42. c4 Kg3 43. Kc2 Kxg2 44. Ra8 Kxh3 45. a5 Rc7 46. Kb3 Kg2 47. Rh8 h3 48. b6 Rb7 49. Kb4 h2 50. Kb5 Rb8 51. Rxh2+ Kxh2 52. a6 e5 53. a7 1-0

[Event "45th Olympiad Budapest 2024"]
[Site "Budapest"]
[Date "2024.09.19"]
[Round "8"]
[Board "1"]
[White "Kozak, Adam"]
[Black "Dardha, Daniel"]
[Result "1/2-1/2"]
[WhiteElo "2609"]
[BlackElo "2603"]
[PlyCount "42"]
[EventDate "2024.09.11"]
[EventType "team-tourn"]
[EventRounds "11"]
[EventCountry "HUN"]
[WhiteTeam "Hungary B"]
[BlackTeam "Belgium"]
[BlackTeamCountry "BEL"]

1. d4 Nf6 2. c4 e6 3. Nc3 Bb4 4. Qc2 d5 5. a3 Bxc3+ 6. Qxc3 O-O 7. Nf3 dxc4 8. Qxc4 b6 9. Bg5 Ba6 10. Qc1 ({RR} 10. Qc2 h6 11. Bh4 c5 12. e4 Bxf1 13. Rxf1 g5 14. Bg3 cxd4 15. Rd1 Qc8 16. Qe2 Qa6 17. Bxb8 Qxe2+ 18. Kxe2 Raxb8 19. Rxd4 Rbc8 20. Rfd1 Rc2+ 21. R1d2 Rfc8 22. Ne5 Rc1 23. Rd8+ Rxd8 24. Rxd8+ Kg7 {1-0 Morozevich,A (2771)-Topalov,V (2796) Amber-blindfold 18th rapid 2009 (4)}) ({RR} 10. Qa4 Qd7 11. Qxd7 Nbxd7 12. Bxf6 Nxf6 13. Rc1 c5 14. dxc5 bxc5 15. e3 Bxf1 16. Rxf1 Rab8 17. Rc2 Rb7 18. Nd2 Rfb8 19. Nc4 Kf8 20. Ke2 Nd7 21. Rd1 Ke7 22. h3 Rc7 23. Na5 Rbc8 24. Nc4 Rb8 {½-½ Kozak,A (2502)-Mendonca,L (2499) Budapest Rigochess10 GM 2020 (9)}) 10... Nbd7 11. e4 ({RR} 11. Ne5 c5 12. Nxd7 Qxd7 13. Bxf6 gxf6 14. dxc5 Rac8 15. Qh6 Rfd8 16. h4 Rxc5 17. Rh3 Rg5 18. Rd3 Bxd3 19. hxg5 Bc2 20. f3 Qd2+ 21. Kf2 fxg5 22. g3 Bg6 23. Re1 Rd5 24. b4 Qd4+ 25. e3 Qb2+ {0-1 Shankland,S (2677)-Hong,A (2572) Titled Tue 10th Sep Late 2024 (9)}) 11... Qc8 $146 ({RR} 11... Bxf1 12. Rxf1 h6 13. Bh4 Qe8 14. Qc6 Rc8 15. O-O-O Nb8 16. Qxe8 Rfxe8 17. Bxf6 gxf6 18. Rfe1 Red8 19. Kb1 Nc6 20. Rd2 Ne7 21. Rc1 f5 22. exf5 Nxf5 23. Rdc2 Nxd4 24. Nxd4 Rxd4 25. Rxc7 Rxc7 26. Rxc7 {½-½ Lou Yiping (2492)-Xiu Deshun (2514) CHN Team Men 2023 (7.2)}) ({RR} 11... Bxf1 12. Rxf1 Qc8 13. Qc6 h6 14. Bh4 b5 15. Nd2 Rb8 16. f3 Rb6 17. Qc2 c5 18. dxc5 Nxc5 19. Bxf6 gxf6 20. Ke2 Rd8 21. Rfd1 Rc6 22. Rac1 Rdd6 23. Qb1 b4 24. axb4 Qa6+ 25. Nc4 Rxd1 26. Kxd1 {0-1 Kuzubov,Y (2624)-Caruana,F (2764) Titled Tue 25th Apr Early 2023 (5)}) ({RR} 11... Bxf1 12. Rxf1 Qc8 13. Qc6 Qa6 14. e5 Qa5+ 15. b4 Qd5 16. Rc1 Qxc6 17. Rxc6 Nd5 18. Ke2 b5 19. Bd2 N7b6 20. Ra1 Nc4 21. Ra6 Rfb8 22. a4 Nxd2 23. Kxd2 Nxb4 24. Ra5 bxa4 25. R5xa4 a6 26. Ne1 {½-½ Shankland,S (2710)-Gadimbayli,A (2524) 8th Gashimov Mem Rapid 2022 (3.2)}) 12. Bxa6 Qxa6 13. Qc6 h6 14. Bxf6 Nxf6 15. O-O-O Rfd8 16. Kb1 Rac8 17. Rhe1 Rd6 18. Qc2 Rdd8 19. Qc6 Rd6 20. Qc2 Rdd8 21. Qc6 Rd6 1/2-1/2

[Event "45th Olympiad Budapest 2024"]
[Site "Budapest"]
[Date "2024.09.19"]
[Round "8"]
[Board "2"]
[White "Vandenbussche, Thibaut"]
[Black "Banusz, Tamas"]
[Result "1-0"]
[WhiteElo "2461"]
[BlackElo "2605"]
[PlyCount "161"]
[EventDate "2024.09.11"]
[EventType "team-tourn"]
[EventRounds "11"]
[EventCountry "HUN"]
[WhiteTeam "Belgium"]
[BlackTeam "Hungary B"]
[WhiteTeamCountry "BEL"]

1. e4 c5 2. Nf3 Nc6 3. Bb5 Nf6 4. Nc3 Qc7 5. O-O Nd4 6. Re1 e5 7. Nxd4 cxd4 8. Nd5 Nxd5 9. exd5 Bd6 10. c3 O-O 11. cxd4 ({RR} 11. Qh5 Qc5 12. Bd3 g6 13. Qh4 Qxd5 14. cxd4 Qxd4 15. Qxd4 exd4 16. Be4 Re8 17. d3 Bxh2+ 18. Kxh2 d5 19. Bg5 dxe4 20. dxe4 f5 21. e5 Be6 22. Red1 Rac8 23. Rxd4 Rc2 24. Rd2 Rxd2 25. Bxd2 Bd5 {½-½ Ayush,S (2378)-Kumar,G (1953) 1st Bangalore Int Open 2024 (9.27)}) 11... a6 $146 ({RR} 11... exd4 12. Qh5 a6 13. Bd3 g6 14. Qh4 Be5 15. b3 d6 16. Bb2 Qd8 17. Qxd8 Rxd8 18. Rac1 Bd7 19. Rc7 b5 20. g3 a5 21. f4 Bf6 22. a3 Kf8 23. Kf2 Be8 24. Kf3 Rdb8 25. g4 Bd8 26. Rcc1 {½-½ Petr,M (2493)-Ikonnikov,V (2542) BL2-Ost 1617 2016 (7.1)}) 12. Bd3 e4 13. Bxe4 Bxh2+ 14. Kh1 f5 15. Bf3 Bf4 16. d3 Qd6 17. Kg1 a5 18. Qe2 Ra6 19. Bxf4 Qxf4 20. Rac1 Rh6 21. g3 Qg5 22. Qe7 Qxe7 23. Rxe7 f4 24. Rc7 fxg3 25. fxg3 Rg6 26. Kg2 Rgf6 27. Bg4 Rg6 28. Bxd7 Bxd7 29. Rcxd7 h5 30. Re6 Rg5 31. Re5 Rg4 32. Rxh5 Rxd4 33. Rxb7 Rxd3 34. d6 a4 35. Ra5 Rff3 36. Rg5 Rf7 37. Rb8+ Rf8 38. Rb7 Rf7 39. Rb8+ Rf8 40. Rb6 Rf6 41. a3 Rd2+ 42. Kh3 Rfxd6 43. Rxd6 Rxd6 44. Rb5 Rd2 45. Rb7 Kh7 46. Kg4 Rf2 47. Kg5 Rf3 48. Kg4 Rf2 49. Rb6 g6 50. Kg5 Rf5+ 51. Kh4 Rh5+ 52. Kg4 Kh6 53. Rb8 Rg5+ 54. Kf3 Rf5+ 55. Kg2 Rd5 56. Rb4 Kh5 57. Kf3 Rd3+ 58. Kf2 g5 59. Rxa4 Rd2+ 60. Ke3 Rxb2 61. Rb4 Ra2 62. g4+ Kh4 63. a4 Kg3 64. Kd3 Kf3 65. Kc3 Re2 66. Kb3 Re3+ 67. Kb2 Re2+ 68. Ka3 Re1 69. Rc4 Ke3 70. Kb4 Kd3 71. Kb5 Re8 72. Rc5 Rb8+ 73. Ka5 Kd4 74. Rb5 Rg8 75. Kb4 Ke3 76. Rf5 Re8 77. Rxg5 Kf4 78. Rg6 Rb8+ 79. Kc5 Ra8 80. Kb5 Rb8+ 81. Rb6 1-0

[Event "45th Olympiad Budapest 2024"]
[Site "Budapest"]
[Date "2024.09.19"]
[Round "8"]
[Board "3"]
[White "Prohaszka, Peter"]
[Black "Hovhannisyan, Mher"]
[Result "1-0"]
[WhiteElo "2542"]
[BlackElo "2414"]
[PlyCount "79"]
[EventDate "2024.09.11"]
[EventType "team-tourn"]
[EventRounds "11"]
[EventCountry "HUN"]
[WhiteTeam "Hungary B"]
[BlackTeam "Belgium"]
[BlackTeamCountry "BEL"]

1. d4 d5 2. c4 e6 3. Nc3 a6 4. cxd5 exd5 5. Bf4 Nf6 6. e3 Bd6 7. Bg5 Be6 8. Bd3 Nbd7 9. f4 h6 10. Bh4 g5 11. fxg5 Ng4 12. Nf3 Be7 13. Qe2 hxg5 14. Bg3 Nb6 $146 ({RR} 14... Nh6 15. O-O-O c6 16. e4 dxe4 17. Bxe4 g4 18. Ne5 Nb6 19. Kb1 Nd5 20. Nxd5 cxd5 21. Bc2 Nf5 22. Nxf7 Kxf7 23. Rhf1 Qd7 24. Rxf5+ Bxf5 25. Rf1 Bf6 26. Bxf5 Qe7 27. Qxg4 Rag8 28. Qf3 Kg7 29. Rc1 {1-0 Xu,Y (2562)-Batsiashvili,N (2433) Belt and Road Hunan op-A 2019 (2)}) ({RR} 14... Rg8 15. e4 Ndf6 16. O-O c6 17. Rad1 Qd7 18. b3 Nh5 19. Be5 Nf4 20. Qd2 Nxe5 21. Nxe5 Qd6 22. exd5 cxd5 23. Ne2 Nxd3 24. Qxd3 f6 25. Nf3 O-O-O 26. Ng3 Qd7 27. Ne1 Rh8 28. Nf5 Bd6 29. Nxd6+ {½-½ Ruchinskaya,V (1877)-Li,Y (2262) Canadian Women Zonal 2024 (6.3)}) ({RR} 14... c5 15. O-O c4 16. Bxc4 dxc4 17. d5 Nc5 18. dxe6 Nxe6 19. Rad1 Qa5 20. Nd4 Nf6 21. Nxe6 fxe6 22. Qxc4 Qb6 23. Rf3 Qc6 24. Qxc6+ bxc6 25. Rd4 Nd5 26. Rc4 Rc8 27. Na4 c5 28. Be5 Rh5 29. Bg3 {1-0 Shevchenko,K (2654)-Ioannidis,E (2459) Olympiad-44 Chennai 2022 (7.4)}) 15. O-O-O Bb4 16. Kb1 Bxc3 17. bxc3 Qe7 18. Ka1 Nh6 19. h4 g4 20. Ne5 Bf5 21. Rdf1 Bxd3 22. Qxd3 O-O-O 23. Bf4 Nd7 24. Nc6 Qe6 25. Nxd8 Kxd8 26. Bg5+ Kc8 27. Bxh6 Rxh6 28. Rf4 f6 29. e4 Kb8 30. g3 Nb6 31. Rb1 Rh5 32. Rbf1 dxe4 33. Rxe4 Qd6 34. c4 Ra5 35. Rb1 Qc6 36. d5 Qc5 37. Qd4 Qa3 38. Re2 Ra4 39. d6 Nxc4 40. Re8# 1-0

[Event "45th Olympiad Budapest 2024"]
[Site "Budapest"]
[Date "2024.09.19"]
[Round "8"]
[Board "4"]
[White "Lenaerts, Lennert"]
[Black "Papp, Gabor"]
[Result "1/2-1/2"]
[WhiteElo "2300"]
[BlackElo "2550"]
[PlyCount "79"]
[EventDate "2024.09.11"]
[EventType "team-tourn"]
[EventRounds "11"]
[EventCountry "HUN"]
[WhiteTeam "Belgium"]
[BlackTeam "Hungary B"]
[WhiteTeamCountry "BEL"]

1. e4 c5 2. Nf3 e6 3. g3 Nc6 4. Bg2 Nf6 5. Qe2 e5 6. O-O Be7 7. Nc3 d6 8. Nd5 h6 ({RR} 8... Nxd5 9. exd5 Nb4 10. c4 Bf5 11. Ne1 O-O 12. d3 Bg6 13. a3 Na6 14. h4 Nc7 15. f4 exf4 16. Bxf4 Bf6 17. h5 Bf5 18. Bxd6 Qxd6 19. Rxf5 Qxg3 20. Nf3 Ne8 21. d4 cxd4 22. c5 Rc8 23. d6 {0-1 Deac,B (2679)-Andreikin,D (2724) Titled Tuesday intern op 15 Mar Late blitz 2022 (10)}) ({RR} 8... Be6 9. Nxe7 Qxe7 10. c3 O-O 11. d3 h6 12. Nh4 d5 13. Nf5 Qd7 14. g4 Rad8 15. Be3 d4 16. cxd4 Nxd4 17. Bxd4 cxd4 18. f4 Bxf5 19. gxf5 Rfe8 20. fxe5 Rxe5 21. Qf3 Qd6 22. Kh1 Rc5 23. Rg1 {½-½ Shubin,K (2459)-Kezin,R (2472) St.Petersburg Blitz GP 2024 (9.1)}) 9. c3 O-O 10. Ne1 $146 ({RR} 10. d3 Be6 11. Ne1 Re8 12. Nc2 Bf8 13. Nce3 g6 14. Nxf6+ Qxf6 15. f4 exf4 16. gxf4 Qh4 17. f5 Bd7 18. Qg4 Qd8 19. Qg3 Kh7 20. fxg6+ fxg6 21. Rf7+ Bg7 22. Nf5 Bxf5 23. exf5 Ne5 24. Bxh6 Kxh6 {1-0 Murzin,V (2502)-Vokhidov,S (2530) Junior Speed Qual Global blitz 2021 (1.2)}) ({RR} 10. d3 Be6 11. Nd2 Re8 12. Nc4 Bf8 13. Nce3 Bxd5 14. exd5 Nb8 15. a4 Nbd7 16. Qc2 g6 17. Bd2 h5 18. Nc4 Nb6 19. Ne3 Nbd7 20. a5 Ng4 21. Nc4 f5 22. a6 b6 23. Qa4 Qe7 24. Rae1 Rab8 {1-0 Kaczur,F (2479)-Vazquez Igarza,R (2561) ITA-chTB 52nd 2021 (1.1)}) ({RR} 10. d3 Be6 11. Nh4 Qd7 12. f4 exf4 13. Nxe7+ Qxe7 14. Rxf4 Rae8 15. Bd2 Nd7 16. Raf1 Nde5 17. a3 Qd7 18. Nf5 d5 19. exd5 Bxd5 20. Bxd5 Qxd5 21. Rg4 Ng6 22. Re4 Rxe4 23. Qxe4 Qxe4 24. dxe4 Rd8 {½-½ Rasik,V (2458)-Movsesian,S (2635) Pardubice op rapid 29th 2018 (6)}) 10... Nxd5 11. exd5 Nb8 12. d4 cxd4 13. cxd4 exd4 14. b3 Bf6 15. Bb2 b6 16. Qd2 Ba6 17. Nd3 Nd7 18. Rfe1 Bxd3 19. Qxd3 Nc5 20. Qd2 a5 21. Bxd4 Bxd4 22. Qxd4 Qd7 23. Re3 Rfe8 24. Rae1 Kf8 25. Bf1 Rxe3 26. Rxe3 Re8 27. a3 Rxe3 28. Qxe3 Qe7 29. Qc3 Qe5 30. Qc4 Ke7 31. b4 axb4 32. axb4 Nd7 33. f4 Qe3+ 34. Kg2 Kd8 35. Qc6 Qe4+ 36. Kh3 Qf5+ 37. Kg2 Qe4+ 38. Kh3 Qf5+ 39. Kg2 Qe4+ 40. Kh3 1/2-1/2

[Event "45th Olympiad Budapest 2024"]
[Site "Budapest"]
[Date "2024.09.19"]
[Round "8"]
[Board "1"]
[White "Cori, Jorge"]
[Black "Ragger, Markus"]
[Result "1/2-1/2"]
[WhiteElo "2609"]
[BlackElo "2601"]
[PlyCount "62"]
[EventDate "2024.09.11"]
[EventType "team-tourn"]
[EventRounds "11"]
[EventCountry "HUN"]
[WhiteTeam "Peru"]
[BlackTeam "Austria"]
[WhiteTeamCountry "PER"]
[BlackTeamCountry "AUT"]

1. d4 {Marin,Mihail} Nf6 2. Nf3 d5 3. c4 e6 4. Nc3 Nbd7 5. cxd5 exd5 6. Bf4 c6 7. e3 Nh5 ({RR} 7... Nb6) 8. Bg5 ({RR} 8. Bd3 Nxf4 9. exf4) ({RR} 8. Be5 Nxe5 9. dxe5 ({RR} 9. Nxe5 g6 10. Qf3 f6 11. Nd3 Bd6 12. g4 Ng7 13. h4 Qe7) 9... g6 10. Be2 Bg4 11. Qa4 Bd7 12. O-O Be7 13. Rfd1 O-O 14. e4 dxe4 15. Qxe4 Qc7 16. Rac1 Rad8 17. Qe3 Qb6) 8... Be7 9. Bxe7 Qxe7 10. Qc2 g6 ({RR} 10... Nb6 11. O-O-O Nf6 ({RR} 11... Bg4 12. h3 ({RR} 12. Re1 Bxf3 13. gxf3 g6 14. Bh3 Qh4 15. Bg2 O-O-O 16. Kb1) 12... Bxf3 13. gxf3 g6 14. Kb1 O-O-O 15. h4 Kb8 16. Qb3 Nc8 ({RR} 16... Rhe8) 17. Na4 Nd6 18. Nc5 Ng7 19. Rc1 h5 20. Rc3 Ne6 ({RR} 20... Rhe8) ({RR} 20... Ka8) 21. Qb4 ({RR} 21. Nxe6 Qxe6 22. Rxc6 Qf5+ 23. Bd3 Qxf3 24. Rf1 Ne4 25. Rc2 Rc8) 21... Ka8 22. Ra3 Nc8 23. Bd3 Rhe8 24. Rb3 Nd6 25. Rc1 Rc8 26. Ra3) 12. Bd3 ({RR} 12. h3 Ne4) 12... Be6 ({RR} 12... Bg4) 13. h3 O-O-O 14. Kb1 Kb8 15. Nd2 ({RR} 15. Rc1 Ne8 16. Na4 Nxa4 17. Qxa4 Nd6 18. Rc3 Rhe8 19. Ra3 Nc8 20. Rc1 Qf6) 15... Rc8 16. Nb3 Nfd7 17. Ne2 ({RR} 17. f3 c5 18. dxc5 Nxc5 19. Nxc5 Rxc5 20. Qf2 Ka8 21. g4 Rhc8 22. Nb5 Bd7 23. Nd4 Nc4 24. Bxc4 dxc4 25. Ne2 b5) 17... c5 ({RR} 17... h5 18. h4 ({RR} 18. Rc1 h4 19. Rhe1 g5 20. Ng1 f6 21. Nf3 Rhe8) ({RR} 18. Nc5 Nxc5 19. dxc5 Nd7 20. b4 Ne5 21. Nd4 h4) 18... c5 19. dxc5 Nxc5 20. Nxc5 Rxc5 21. Qd2 Rhc8 22. Nd4 Bg4 23. Rde1 ({RR} 23. f3 Bd7) 23... Nc4 24. Bxc4 dxc4 25. f3 ({RR} 25. Qc3 Qe4+ 26. Qc2 Bf5) 25... c3 26. bxc3 Bd7 27. Rc1 Ba4) 18. dxc5 Nxc5 19. Nxc5 Rxc5 20. Qd2 Rhc8 21. Nd4 Nc4 22. Bxc4 dxc4 23. Qc3 Bd7 24. f3 f5 25. Rhe1 {1-0 Nakamura,H (2787)-Aronian,L (2792) Paris GCT rapid 2016 (8)} {RR} Re5 26. g4) 11. O-O-O ({RR} 11. Be2 Nb6 12. h3 Bf5 13. Qb3 Nf6 14. a4 Nc8 15. a5 a6 16. Nd2 h5 17. Na4 Nd6 18. Nc5 Kf8 19. Qa3 Re8 20. Nf3 Be4 21. Rg1 Bxf3 22. gxf3 Nd7 23. Bd3 Rd8 24. f4 Nxc5 25. Qxc5 Qe6 {0-1 Rimeikis,A (2108)-Stremavicius,T (2534) TCh-LTU 2024 (5.3)}) 11... Nb6 12. Ne5 $146 ({RR} 12. h3 Bf5 13. Qb3 Nf6 14. Ne5 Nfd7 15. Nxd7 Qxd7 16. Qa3 Qe7 17. Qxe7+ Kxe7 18. g4 Be6 19. Bd3 h5 20. f3 ({RR} 20. g5 h4 21. f3 Rad8 22. Kb1 Kf8 23. b3 Kg7 24. Kb2 Nc8) 20... Rh7 21. Ne2 ({RR} 21. g5) 21... hxg4 22. hxg4 Rah8 23. Ng3 Rh3 24. b3 Nc8 25. Rdg1 Rxg3 {0-1 Miroiu,G (2335)-Lupulescu,C (2626) ROM-chT  Mamaia 2015 (3.1)}) ({RR} 12. h3 Bf5 13. Qb3 Nf6 14. Ne5 Nfd7 15. Nxd7 Qxd7 16. Qa3 Qe7 17. Qxe7+ Kxe7 18. g4 Be6 19. Bd3 h5 20. f3 Rh7 21. Ne2 hxg4 22. hxg4 Rah8) ({RR} 12. Bd3 Bg4) ({RR} 12. Bd3 Bg4 13. h3 Bxf3 14. gxf3 O-O-O 15. f4 Kb8 16. Kb1 Rc8 17. Na4 Nxa4 18. Qxa4 Nf6 19. Rc1 Ne4 20. Qc2 Nd6 21. a3 Rhe8 22. Ka2 h6 23. Qe2 g5 24. fxg5 hxg5 25. Qg4 Rh8 26. Rcg1 Rcg8 {½-½ Markovic,F (2194)-Seo,J (2483) European Rapid 2023 (6.29)}) ({RR} 12. Bd3 Bg4 13. h3 Bxf3 14. gxf3 O-O-O 15. f4 Kb8 16. Kb1 Nf6 17. h4 Nc8 18. Be2 Nd6 19. h5 Nde4 {½-½ Hertneck,G (2571)-Milov,V (2653) Pula zt 1.2 2000 (4)}) 12... Be6 13. Kb1 Nf6 14. Bd3 Nfd7 15. Nxd7 Qxd7 16. h4 h5 17. Ka1 Qe7 18. Rc1 O-O-O 19. Na4 Kb8 20. Nc5 Bc8 21. Qb3 Ka8 22. Rc3 Nd7 23. Qa4 Nxc5 24. Rxc5 Rd6 25. b4 Kb8 26. b5 cxb5 27. Qxb5 Rb6 28. Qa5 Be6 29. g3 Qf6 30. Qd2 Rc8 31. Rhc1 Rxc5 1/2-1/2

[Event "45th Olympiad Budapest 2024"]
[Site "Budapest"]
[Date "2024.09.19"]
[Round "8"]
[Board "2"]
[White "Horvath, Dominik"]
[Black "Flores Quillas, Diego Saul Rodri"]
[Result "1/2-1/2"]
[WhiteElo "2559"]
[BlackElo "2451"]
[PlyCount "148"]
[EventDate "2024.09.11"]
[EventType "team-tourn"]
[EventRounds "11"]
[EventCountry "HUN"]
[WhiteTeam "Austria"]
[BlackTeam "Peru"]
[WhiteTeamCountry "AUT"]
[BlackTeamCountry "PER"]

1. Nf3 c5 2. c4 g6 3. e4 Bg7 4. d4 cxd4 5. Nxd4 Nc6 6. Be3 Nf6 7. Nc3 Ng4 8. Qxg4 Nxd4 9. Qd1 Ne6 10. Rc1 d6 11. g3 Bd7 ({RR} 11... h5 12. h4 Bd7 13. Qd2 O-O 14. Bg2 Bc6 15. O-O a5 16. Nd5 Nc5 17. Rfd1 Bxd5 18. exd5 Qb6 19. b3 Rfe8 20. Bf3 Qb4 21. Qxb4 axb4 22. Rc2 Ra5 23. Re2 b6 24. Kg2 Rea8 25. Rdd2 R8a7 26. Kf1 {1-0 Rogers,I (2515)-Velimirovic,D (2570) Bor 1986 (2)}) ({RR} 11... b6 12. Bg2 Bb7 13. O-O O-O 14. Qd2 Rc8 15. b3 Qd7 16. Bh3 f5 17. exf5 gxf5 18. Nd5 Nc5 19. f3 e6 20. Nf4 a5 21. Nh5 Be5 22. Bh6 Rf7 23. Rce1 Kh8 24. Be3 Rg8 25. Bd4 Bxd4+ 26. Qxd4+ {½-½ Yeletsky,I (2504)-Skliarov,V (2349) Titled Tue 23rd Jan Early 2024 (10)}) 12. Bg2 a5 $146 ({RR} 12... Bc6 13. O-O O-O 14. b4 b6 15. Qd2 Re8 16. f4 Nf8 17. Rfd1 Rc8 18. Nd5 Qd7 19. Bd4 Bxd5 20. exd5 Bxd4+ 21. Qxd4 Qa4 22. Qd2 a5 23. bxa5 bxa5 24. Bf1 {½-½ Penrose,J-Eliskases,E Mar del Plata International-25 1962 (4)}) 13. b3 Bc6 14. O-O O-O 15. a3 Nc5 16. b4 axb4 17. axb4 Na4 18. Nxa4 Bxa4 19. Qd3 Bd7 20. Rfd1 Ra2 21. Rd2 Rxd2 22. Qxd2 Qa8 23. c5 Be6 24. Bg5 dxc5 25. Bxe7 cxb4 26. Qxb4 Rc8 27. Rd1 Qa7 28. Bg5 h5 29. Be3 Qb8 30. Qb6 Qc7 31. Rb1 Qxb6 32. Rxb6 Bd4 33. Rxb7 Bxe3 34. fxe3 Rc1+ 35. Kf2 Rc2+ 36. Kg1 Re2 37. Bf3 Rxe3 38. Kf2 Ra3 39. h4 Kg7 40. Rb5 Kf6 41. Rc5 Ke7 42. Rb5 Bd7 43. Rb7 Kd8 44. Be2 Kc8 45. Rb4 Be6 46. Rd4 Kc7 47. Bd3 Ra8 48. Ke3 Kc6 49. e5 Kc5 50. Rd6 Ra3 51. Kf4 Ra4+ 52. Ke3 Ra3 53. Kf4 Bd5 54. Be4 Bxe4 55. Kxe4 Rxg3 56. Rd5+ Kc4 57. Rd4+ Kc5 58. Rd5+ Kc4 59. Rd4+ Kc3 60. Rd7 Rg4+ 61. Kf3 Kc4 62. Rxf7 Kd5 63. Rf4 Rg1 64. Ra4 Kxe5 65. Ra5+ Kf6 66. Ra6+ Kg7 67. Ra7+ Kh6 68. Ra4 Rb1 69. Kg3 Rb3+ 70. Kg2 Kg7 71. Rf4 Rb5 72. Kg3 Rb3+ 73. Kg2 Rb5 74. Kg3 Rb3+ 1/2-1/2

[Event "45th Olympiad Budapest 2024"]
[Site "Budapest"]
[Date "2024.09.19"]
[Round "8"]
[Board "3"]
[White "Fernandez Sanchez, Fernando Miguel"]
[Black "Blohberger, Felix"]
[Result "1/2-1/2"]
[WhiteElo "2399"]
[BlackElo "2520"]
[PlyCount "49"]
[EventDate "2024.09.11"]
[EventType "team-tourn"]
[EventRounds "11"]
[EventCountry "HUN"]
[WhiteTeam "Peru"]
[BlackTeam "Austria"]
[WhiteTeamCountry "PER"]
[BlackTeamCountry "AUT"]

1. e4 e5 2. Nf3 Nc6 3. Bc4 Bc5 4. d3 d6 5. a4 Nf6 ({RR} 5... a5 6. Nc3 h6 7. Be3 Bb4 8. O-O Bxc3 9. bxc3 Nf6 10. Nd2 O-O 11. f4 Be6 12. Bb5 Ng4 13. Qe1 Nxe3 14. Qxe3 exf4 15. Rxf4 Ne5 16. d4 Ng6 17. Rf2 Qg5 18. Nf1 Rad8 19. Rb1 b6 20. g3 {½-½ Gukesh,D (2763)-Caruana,F (2805) Superbet ROM Classic 2024 (7.5)}) 6. a5 Bb4+ $146 ({RR} 6... a6 7. c3 h6 8. O-O O-O 9. b4 Ba7 10. Be3 Bxe3 11. fxe3 Be6 12. Bxe6 fxe6 13. Nbd2 d5 14. Qb3 Kh8 15. Rad1 Qe7 16. Qb1 dxe4 17. dxe4 b5 18. Nb3 Nd7 19. Rd2 Rae8 20. Qe1 Rf7 21. Qg3 {1-0 Wei Yi (2762)-Yakubboev,N (2655) FIDE World Rapid Team 2024 (10.14)}) ({RR} 6... a6 7. c3 Ba7 8. O-O h6 9. Re1 O-O 10. Be3 Be6 11. Bxe6 fxe6 12. Bxa7 Rxa7 13. d4 Nd7 14. Nbd2 Qf6 15. Nc4 Kh7 16. Qd3 Raa8 17. h3 Rae8 18. Rab1 Kh8 19. b4 exd4 20. cxd4 e5 21. d5 {1-0 Kosteniuk,A (2523)-Meshkovs,N (2540) Titled Tue 5th Sep Early 2023 (5)}) ({RR} 6... a6 7. c3 h6 8. O-O O-O 9. h3 Ba7 10. Be3 d5 11. exd5 Nxd5 12. Bxa7 Rxa7 13. Re1 Nf4 14. d4 exd4 15. cxd4 Be6 16. Bf1 Qd6 17. Nc3 Rd8 18. Ne4 Qf8 19. Qc1 Ng6 20. Ra3 Bd5 21. h4 {0-1 Bartel,M (2660)-Nguyen,T (2630) 6th Prague Masters 2024 (3.2)}) 7. Bd2 Bxd2+ 8. Nbxd2 O-O 9. O-O Rb8 10. c3 b5 11. axb6 axb6 12. Bb5 Ne7 13. d4 c6 14. Bd3 Qc7 15. Re1 Ng6 16. Bf1 Bb7 17. b4 Ra8 18. Qc2 Rfe8 19. Rad1 h6 20. h3 Bc8 21. Nc4 Re6 22. Ne3 Re8 23. Nc4 Re6 24. Ne3 Re8 25. Nc4 1/2-1/2